banner-ar

مقدمة فى التحليل النفسى (هديه من الآديب عبدالفتاح الجمل) / (Record no. 41859)

MARC details
000 -الفاتح
حقل البيانات ثابتة الطول 00638nam a2200205Ia 4500
005 - وقت وتاريخ اخر تعامل مع التسجيلة
رقم الضبط 20240530103716.0
008 - عناصر البيانات ثابتة الطول - معلومات عامة
حقل البيانات ثابتة الطول 140319s9999 xx 000 0 ara d
040 ## - مصدر الفهرسة
وكالة الفهرسة الأصلية GCL /
وكالة النسخ GCL
082 04 - رقم تصنيف ديوى العشرى
رقم التصنيف 150.1952
رقم المادة ف م
100 1# - المدخل الرئيسى - إسم شخصى
الإسم الشخصى فرويد ، سيجموند
245 10 - بيان العنوان
العنوان مقدمة فى التحليل النفسى (هديه من الآديب عبدالفتاح الجمل) /
بيان المسئوليه,etc سيجمند فرويد
300 ## - الوصف المادى
التعداد 156
490 ## - بيان السلسلة
عنوان السلسلة كتاب
رقم المجلد/ التعيين التسلسلي 0
650 04 - المدخل الاضافى بالموضوع-مصطلح موضوعى
مصطلح موضوعي علم النفس
650 04 - المدخل الاضافى بالموضوع-مصطلح موضوعى
مصطلح موضوعي التحليل النفسى
650 04 - المدخل الاضافى بالموضوع-مصطلح موضوعى
مصطلح موضوعي مذهب فرويد
700 1# - المدخل الاضافى - اسم شخصى
الإسم الشخصى اسحق رمزى (مترجم)
942 ## - عناصر المدخل الإضافي( كوها)
مصدر التصنيف او مخطط الترفيف Dewey Decimal Classification
Koha [default] item type كتاب
Holdings
حالة التراجع حالة الفقد حالة تلف ليس للاعارة المكان المؤقت الموقع الحالى تاريخ الاكتساب اجمالي اﻻعارات رقم الطلب الباركود تاريخ اخر مشاهدة تاريخ تفعيل السعر نوع وعاء كوها مصدر التصنيف او خطة الترفيف موقع الترفيف
        مكتبة القاهرة الكبرى مكتبة القاهرة الكبرى 03/26/2014   150.1952\ف م 101087 03/26/2014 03/26/2014 كتاب    
        مكتبة القاهرة الكبرى مكتبة القاهرة الكبرى 05/06/2018   150.1952 ف م 164670 05/06/2018 05/06/2018 كتاب ddc القاعة الرئيسية

Powered By

EGPV